Fisicoquímica / (Registro nro. 21000)

Detalles MARC
000 -LEADER
fixed length control field 01143nam a2200313 4500
001 - CONTROL NUMBER
control field 0000017026
003 - CONTROL NUMBER IDENTIFIER
control field CO-CtgCURN
005 - DATE AND TIME OF LATEST TRANSACTION
control field 20250331184736.0
007 - PHYSICAL DESCRIPTION FIXED FIELD--GENERAL INFORMATION
fixed length control field ta
008 - FIXED-LENGTH DATA ELEMENTS--GENERAL INFORMATION
fixed length control field 160627s1998 000 0 eng d
020 ## - INTERNATIONAL STANDARD BOOK NUMBER
International Standard Book Number 9682613094
040 ## - CATALOGING SOURCE
Original cataloging agency CO-CtgCURN
Language of cataloging spa
Transcribing agency coctgcurn
082 0# - DEWEY DECIMAL CLASSIFICATION NUMBER
Classification number 539
Item number L143f
100 1# - MAIN ENTRY--PERSONAL NAME
Personal name Laidler, Keith J.
245 10 - TITLE STATEMENT
Title Fisicoquímica /
Statement of responsibility, etc. Keith J. Laidler , John H. Meiser.
250 ## - EDITION STATEMENT
Edition statement 2a ed.
260 ## - PUBLICATION, DISTRIBUTION, ETC.
Place of publication, distribution, etc. Mexico :
Name of publisher, distributor, etc. Compañia Editorial Continental,
Date of publication, distribution, etc. 1998.
300 ## - PHYSICAL DESCRIPTION
Extent 987 p.
336 ## - CONTENT TYPE
Source rdacontent
337 ## - MEDIA TYPE
Source rdamedia
Media type term sin mediacion
Media type code n
338 ## - CARRIER TYPE
Source rdacarrier
Carrier type term volumen
Carrier type code nc
500 ## - GENERAL NOTE
General note Incluye indice.
505 8# - FORMATTED CONTENTS NOTE
Formatted contents note La naturaleza de la fisicoquímica y la teoria cinetica de los gases.--La primera ley de la termodinamica.--Equilibrio quimico.--Equilibrio de fases disoluciones de electrolitos.--Celdas electroquímicas.--Cinetica química.--Mecanica cuantica.--El enlace quimico
650 14 - SUBJECT ADDED ENTRY--TOPICAL TERM
Topical term or geographic name entry element Acidos
Form subdivision Videocasetes.
700 1# - ADDED ENTRY--PERSONAL NAME
Personal name Meiser, John H.
908 ## - PUT COMMAND PARAMETER (RLIN)
Put command parameter 160627
942 ## - ADDED ENTRY ELEMENTS (KOHA)
Koha item type Libros
Classification part 539
Item part L143f
Source of classification or shelving scheme Dewey Decimal Classification
Existencias
Withdrawn status Lost status Source of classification or shelving scheme Damaged status Not for loan Collection Home library Current library Shelving location Date acquired Inventory number Total checkouts Full call number Barcode Date last seen Price effective from Koha item type Public note
    Dewey Decimal Classification     General Miguel Henríquez Emiliani Miguel Henríquez Emiliani General 03/31/2025 007519   539 L143f 007519 03/31/2025 03/31/2025 Libros 530-FISICA